Social change

Salvato in:
Dettagli Bibliografici
Autore principale: Moore, Wilbert E. (autor)
Natura: Libro
Lingua:inglese
Pubblicazione: Englewood Cliffs Prentice-Hall 1963
Serie:Foundations of Modern Sociology
Soggetti:
Tags: Aggiungi Tag
Nessun Tag, puoi essere il primo ad aggiungerne!!

MARC

LEADER 00000nam a2200000 a 4500
001 UCR9754
003 CL-VaPUC
008 980613e19630000us |||||||||||||||||eng|d
082 0 4 |a 303.4  |b MOO  |2 21 
100 |a Moore, Wilbert E.  |e autor  |9 412626 
245 1 0 |a Social change 
300 |a 120 p 
942 |c BK 
945 |d 19980613 00:00:00  |a crobeson 
260 |a Englewood Cliffs  |b Prentice-Hall  |c 1963 
650 0 |a Cambio social   |9 256857 
650 0 |a Procesos sociales  |9 337802 
650 0 |a Interacción social   |9 307764 
650 0 |a Sociología del cambio   |9 337801 
583 |a last modification  |c 20150428 03:36:29  |k Rodrigo Vera 
490 0 |a Foundations of Modern Sociology 
999 |c 270930  |d 270928